000 00446nam a2200181Ia 4500
001 14687
005 20260306164932.0
008 260306t1999||||xx |||||||||||||| ||spa||
041 _aESP
082 _a515.63
_bT48 1999
100 _aThomas, George B., Jr.
_eAUT
245 0 _aCálculo:
_bvarias variables
260 _c1999
300 _axv, (709 a 1139 páginas :)
_c25 cm.
650 _aGEN
654 _aCMA
942 _cLIB
_dJUS
_fJUS
_2ddc
_n
999 _c14687
_d14687